| 000 | 00403nam a22001457a 4500 | ||
|---|---|---|---|
| 005 | 20160921100423.0 | ||
| 008 | 160921b xxu||||| |||| 00| 0 eng d | ||
| 040 | _cPK-LaUMT | ||
| 082 |
_a891.4393 _bSHA-U |
||
| 100 | _aشامی جالندھری | ||
| 245 |
_aعروج خیال _cشامی جالندھری |
||
| 260 |
_aلاہور _bنستعلیق مطبوعات _c2016 |
||
| 300 | _a320 ص | ||
| 942 | _cBK | ||
| 999 |
_c87928 _d87928 |
||